Maailman suurimmat lentoyhtiöt - Statistics

Yleistilastot
  • Tätä visaa on pelattu 648 kertaa
  • Keskiarvotulos 10 / 39
Vastaustilastot
Lentoja Lentoyhtiö % Oikein
2 242 Ryanair
75%
5 557 American Airlines
65%
489 Emirates
64%
537 Lufthansa
64%
494 Qatar Airways
55%
1 502 Air China
53%
543 British Airways
53%
617 Air France
50%
855 JAL
45%
600 KLM
43%
854 Turkish Airlines
40%
3 401 Delta Air Lines
35%
672 Air India
34%
650 Qantas
33%
4 299 United Airlines
31%
934 Air Canada
30%
574 Aeroflot
23%
511 Iberia
20%
1 133 easyJet
19%
2 792 Southwest Airlines
16%
2 093 China Eastern Airlines
10%
1 996 China Southern Airlines
10%
557 AirAsia
9%
989 Alaska Airlines
9%
838 JetBlue Airways
9%
490 Spirit Airlines
9%
1 220 ANA
8%
1 099 LATAM Airlines
7%
2 219 IndiGo
5%
730 AVIANCA
4%
588 Frontier Airlines
4%
491 Vueling
4%
589 Azul
2%
715 Hainan Airlines
2%
535 Shandong Airlines
2%
650 Shenzhen Airlines
2%
529 Sichuan Airlines
2%
505 Spring Airlines
2%
607 Xiamen Airlines
2%
Ehtoja vastaavia visoja ei löytynyt
Tulosjakauma
Jokaisen tuloksen saaneiden osuus
Persentiili vastausten määrän mukaan
Tuloshistoriasi
Et ole pelannut tätä visaa